000 00607cam a2200193 4500
001 WB3630-36
008 000000n2000 000 0 eng u
035 _a(Sirsi) u107447
245 _aLand supply
260 _c2000
490 _aEstates Gazette
_v(0030) 29 July 2000, 54(1)
520 _aResearch from FPD Savills shows that the supply of publicy marketed farmland in England rose by 23% during the first 6 months of 2000, compared to the same period in 1999.
590 _aWB
650 _aFARMLAND
650 _aLAND SUPPLY
650 _aLAND PRICES
690 _aRURAL-MARKET
942 _n0
999 _c64225
_d64225